Measurement of prompt charged-particle production in pp collisions at √s = 13 TeV; Journal of High Energy Physics; Vol. 2022, iss. 1
| Parent link: | Journal of High Energy Physics Vol. 2022, iss. 1.— 2022.— [166, 38 p.] |
|---|---|
| Corporate Authors: | , |
| 其他作者: | , , , , , |
| 總結: | Title screen The differential cross-section of prompt inclusive production of long-lived charged particles in proton-proton collisions is measured using a data sample recorded by the LHCb experiment at a centre-of-mass energy of √s = 13 TeV. The data sample, collected with an unbiased trigger, corresponds to an integrated luminosity of 5.4 nb−1. The differential cross-section is measured as a function of transverse momentum and pseudorapidity in the ranges pT ∈ [80, 10 000) MeV/c and η ∈ [2.0, 4.8) and is determined separately for positively and negatively charged particles. The results are compared with predictions from various hadronic-interaction models. |
| 語言: | 英语 |
| 出版: |
2022
|
| 主題: | |
| 在線閱讀: | http://earchive.tpu.ru/handle/11683/80997 https://doi.org/10.1007/JHEP01(2022)166 |
| 格式: | MixedMaterials 電子 Book Chapter |
| KOHA link: | https://koha.lib.tpu.ru/cgi-bin/koha/opac-detail.pl?biblionumber=668733 |
MARC
| LEADER | 00000naa0a2200000 4500 | ||
|---|---|---|---|
| 001 | 668733 | ||
| 005 | 20241105141448.0 | ||
| 035 | |a (RuTPU)RU\TPU\network\39970 | ||
| 035 | |a RU\TPU\network\37927 | ||
| 090 | |a 668733 | ||
| 100 | |a 20230120a2022 k y0engy50 ba | ||
| 101 | 0 | |a eng | |
| 102 | |a US | ||
| 135 | |a drcn ---uucaa | ||
| 181 | 0 | |a i |b e | |
| 182 | 0 | |a b | |
| 183 | 0 | |a cr |2 RDAcarrier | |
| 200 | 1 | |a Measurement of prompt charged-particle production in pp collisions at √s = 13 TeV |f R. Aaij, C. A. Beteta, T. Ackernley [et al.] | |
| 203 | |a Text |c electronic | ||
| 300 | |a Title screen | ||
| 320 | |a [References: 75 tit.] | ||
| 330 | |a The differential cross-section of prompt inclusive production of long-lived charged particles in proton-proton collisions is measured using a data sample recorded by the LHCb experiment at a centre-of-mass energy of √s = 13 TeV. The data sample, collected with an unbiased trigger, corresponds to an integrated luminosity of 5.4 nb−1. The differential cross-section is measured as a function of transverse momentum and pseudorapidity in the ranges pT ∈ [80, 10 000) MeV/c and η ∈ [2.0, 4.8) and is determined separately for positively and negatively charged particles. The results are compared with predictions from various hadronic-interaction models. | ||
| 461 | |t Journal of High Energy Physics | ||
| 463 | |t Vol. 2022, iss. 1 |v [166, 38 p.] |d 2022 | ||
| 610 | 1 | |a электронный ресурс | |
| 610 | 1 | |a труды учёных ТПУ | |
| 610 | 1 | |a Flavour physics | |
| 610 | 1 | |a Hadron-Hadron scattering (experiments) | |
| 610 | 1 | |a Minimum bias | |
| 610 | 1 | |a Particle and resonance production | |
| 610 | 1 | |a QCD | |
| 701 | 1 | |a Aaij |b R. |g Roel | |
| 701 | 1 | |a Beteta |b C. A. |g Carlos Abellan | |
| 701 | 1 | |a Ackernley |b T. | |
| 701 | 1 | |a Kharisova |b A. E. |c nuclear technology specialist |c engineer of Tomsk Polytechnic University |f 1994- |g Anastasiya Evgenjevna |3 (RuTPU)RU\TPU\pers\46775 | |
| 701 | 1 | |a Panshin |b G. L. |c specialist in the field of informatics and computer technology |c Senior Lecturer at Tomsk Polytechnic University |f 1987- |g Gennady Leonidovich |3 (RuTPU)RU\TPU\pers\40978 |9 21367 | |
| 701 | 1 | |a Vagner |b A. R. |c physicist |c Vice-rector for educational activities of Tomsk Polytechnic University, candidate of physical and mathematical sciences |f 1983- |g Aleksandr Rudolfovich |3 (RuTPU)RU\TPU\pers\31560 | |
| 712 | 0 | 2 | |a Национальный исследовательский Томский политехнический университет |b Исследовательская школа физики высокоэнергетических процессов |c (2017- ) |3 (RuTPU)RU\TPU\col\23551 |
| 712 | 0 | 2 | |a Национальный исследовательский Томский политехнический университет |b Инженерная школа информационных технологий и робототехники |b Отделение автоматизации и робототехники (ОАР) |3 (RuTPU)RU\TPU\col\23553 |
| 801 | 2 | |a RU |b 63413507 |c 20230120 |g RCR | |
| 856 | 4 | |u http://earchive.tpu.ru/handle/11683/80997 |z http://earchive.tpu.ru/handle/11683/80997 | |
| 856 | 4 | |u https://doi.org/10.1007/JHEP01(2022)166 | |
| 942 | |c CF | ||